New sales tax causes anger in art world (Record no. 58129)

MARC details
000 -LEADER
fixed length control field 00955cab a2200253 4500
001 - CONTROL NUMBER
control field WB3508-01
008 - FIXED-LENGTH DATA ELEMENTS--GENERAL INFORMATION
fixed length control field 090401t1999 xxu||||| |||| 00| 0 eng d
035 ## - SYSTEM CONTROL NUMBER
System control number (Sirsi) u91555
041 ## - LANGUAGE CODE
Language code of text/sound track or separate title eng
245 ## - TITLE STATEMENT
Title New sales tax causes anger in art world
260 ## - PUBLICATION, DISTRIBUTION, ETC.
Date of publication, distribution, etc. 1999
350 ## - PRICE (NR) (BK AM CF MU VM SE) [OBSOLETE]
Price 0
490 ## - SERIES STATEMENT
Series statement Times
Volume/sequential designation 22 Febuary 1999, 8
490 ## - SERIES STATEMENT
Series statement Financial Times
Volume/sequential designation 25 Febuary 1999, 2
490 ## - SERIES STATEMENT
Series statement Daily Telegraph
Volume/sequential designation 25 February 1999, 5;26 February 1999, 6&31
490 ## - SERIES STATEMENT
Series statement DTI Press Notice
Volume/sequential designation (P/99/167) 25 February 1999, (7)
520 ## - SUMMARY, ETC.
Summary, etc. A new tax which means royalties will be paid to the artist or the artist`s family every time a work is sold has appalled dealers and auctioneers. The "droit de suite" tax due to be approved by the European Commission this week is postponed.
650 ## - SUBJECT ADDED ENTRY--TOPICAL TERM
Topical term or geographic name entry element ART MARKET
650 ## - SUBJECT ADDED ENTRY--TOPICAL TERM
Topical term or geographic name entry element Auctioneering
9 (RLIN) 6218
650 ## - SUBJECT ADDED ENTRY--TOPICAL TERM
Topical term or geographic name entry element DIRECTIVE 2001/84/EC
690 ## - LOCAL SUBJECT ADDED ENTRY--TOPICAL TERM (OCLC, RLIN)
Topical term or geographic name as entry element Arts and antiques
9 (RLIN) 6217
942 ## - ADDED ENTRY ELEMENTS (KOHA)
Suppress in OPAC 0
948 ## - LOCAL PROCESSING INFORMATION (OCLC); SERIES PART DESIGNATOR (RLIN)
c (OCLC) 24/02/1999
Holdings
Withdrawn status Lost status Source of classification or shelving scheme Damaged status Not for loan Home library Current library Shelving location Date acquired Total Checkouts Full call number Barcode Date last seen Copy number Price effective from Koha item type
    Dewey Decimal Classification     London London News article 14/09/1999   WB3508-01 91555-1001 06/08/2019 1 06/08/2019 News article